Histoire de l'éducation en Angleterre (Record no. 161450)

MARC details
000 -LEADER
campo de control de longitud fija 00702nam a22001935i 4500
001 - NÚMERO DE CONTROL
campo de control 161450
003 - IDENTIFICADOR DE NÚMERO DE CONTROL
campo de control ES-MaACL
005 - FECHA Y HORA DE LA ÚLTIMA TRANSACCIÓN
campo de control 20250828040207.0
008 - DATOS DE LONGITUD FIJA--INFORMACIÓN GENERAL
campo de control de longitud fija 991103s1896 fr |||| | fre d
040 ## - FUENTE DE CATALOGACIÓN
Centro catalogador/agencia de origen M-RAJU
Lengua de catalogación spa
Centro/agencia transcriptor M-RAJU
Centro/agencia modificador CCPB | B
100 1# - ENTRADA PRINCIPAL--NOMBRE DE PERSONA
Nombre de persona Parmentier, Jacques.
9 (RLIN) 130865
245 10 - MENCIÓN DEL TÍTULO
Título Histoire de l'éducation en Angleterre
Resto del título : les doctrines et les écoles depuis les origenes jusqu'au commencement du XIXe siècle /
Mención de responsabilidad, etc. par Jacques Parmentier.
260 ## - PUBLICACIÓN, DISTRIBUCIÓN, ETC.
Lugar de publicación, distribución, etc. Paris :
Nombre del editor, distribuidor, etc. Perrin et Cie.,
Fecha de publicación, distribución, etc. 1896.
300 ## - DESCRIPCIÓN FÍSICA
Extensión II, 302 p. ;
Dimensiones 18 cm.
650 #7 - PUNTO DE ACCESO ADICIONAL DE MATERIA--TÉRMINO DE MATERIA
Término de materia o nombre geográfico como elemento de entrada Educación-
Subdivisión geográfica Gran Bretaña
Fuente del encabezamiento o término
9 (RLIN) 168380
752 ## - ENTRADA AGREGADA--NOMBRE JERÁRQUICO DEL LUGAR
País o entidad superior Francia -
Ciudad Paris
852 ## - LOCALIZACIÓN
Ubicación ES-MaACL
Número de control de estantería F-5844
Nota libre -- Enc. rust.
Holdings
Estatus retirado Estado de pérdida Estado de daño No para préstamo Colección Biblioteca de origen Biblioteca actual Ubicación en estantería Fecha de adquisición Fuente de adquisición Total de préstamos Signatura topográfica completa Código de barras Visto por última vez Precio de reemplazo Tipo de ítem Koha
        Libros del s. XIX Biblioteca del Ateneo de Madrid Biblioteca del Ateneo de Madrid Depósito 2 17/01/2008     F-5844 1169114 23/02/2023 23/02/2023 Libro impreso antiguo